Literature Quiz

Random Literature or Rap Quiz
Score 0/20 Timer 05:00
0 Plays Today
Hint R/H % Correct
Busta Rhymes???
94.3%
Katniss Everdeen???
93.1%
Method Man???
93%
Peeta Mellark???
92.8%
Queen Latifah???
92.7%
Haymitch Abernathy???
92.5%
Gale Hawthorne???
91.5%
Ghostface Killah???
91.5%
Missy Elliott???
91.4%
Effie Trinket???
90.9%
Hint R/H % Correct
Styles P???
90.9%
Killah Priest???
89.9%
Rue???
88.8%
Inspectah Deck???
87.3%
Scarface ???
85.7%
Action Bronson???
85.5%
Cato???
85.3%
Clove???
83.3%
Cinna???
82.6%
Foxface???
74.6%
Remove Ads.
Support Sporcle.
Get the best of Sporcle when you Go Orange. This ad-free experience offers more features, more stats, and more fun while also helping to support Sporcle. Thank you for becoming a member.

You're not logged in!

Compare scores with friends on all Sporcle quizzes.
OR
Log In

Sporcle TV

Today on Sporcle TV


Watch our educational content, quiz creation guides, and fun videos on Sporcle TV.

Show Comments

Extras

Top Quizzes Today


Score Distribution

Paid Content

Your Account Isn't Verified!

In order to create a playlist on Sporcle, you need to verify the email address you used during registration. Go to your Sporcle Settings to finish the process.

Report this User

Report this user for behavior that violates our Community Guidelines.

Details: